000 00313nam a22001217a 4500
008 180606b xxu||||| |||| 00| 0 eng d
041 _aeng
080 _a043.3
100 _a0
101 _aMBE-BTH
245 _aInvestimet e huaja direkte në vendet në tranzicion (Rasti i Kosovës)
_cHoxha,A
942 _2udc
_cBK
999 _c46390
_d46390